Statistics for Mystery Taylor Swift Song #45

Click here to take the quiz!

General Stats

  • This quiz has been taken 339 times
  • The average score is 84 of 140

Answer Stats

Song% Correct
a
94%
(I)
94%
I
94%
be
91%
the
91%
(you
91%
you
91%
we
89%
Midnights
87%
on
86%
me)
85%
me
85%
it
84%
it?
84%
no
82%
to
82%
And
80%
in
80%
(Snow
79%
snow
79%
your
79%
But
78%
like
78%
(Like
78%
beach?
77%
beach)
77%
beach
77%
do
77%
I'm
77%
is
76%
it's
75%
(it's
75%
This
74%
by
73%
my
73%
speak
73%
beautiful
72%
what
72%
at
71%
Can
71%
fuckin'
71%
so
71%
all
69%
for
69%
Weird
69%
are
68%
Now
68%
Snow On the Beach
66%
that
66%
(can't)
65%
can't
65%
was
65%
down)
64%
down
64%
of
64%
been
63%
dream
63%
dream)
63%
from
63%
I've
63%
saw
63%
comin'
62%
(Comin'
62%
(don't)
62%
don't
62%
have
62%
feels
61%
just
60%
night
60%
One
60%
did
59%
around
58%
Flying
58%
(flying
58%
impossible
58%
never
57%
once
57%
thing?
57%
time
57%
tonight
57%
would
57%
stars
55%
falling
54%
oh
54%
could've
53%
screen
53%
wanting
53%
pocketful
52%
out
51%
real
51%
won
50%
ago
49%
Life
49%
scene
49%
few
48%
make
48%
moons
48%
seen
48%
true
48%
might
47%
sound
47%
'til
47%
even
46%
eyes
46%
fine
46%
Janet
46%
someone
46%
within
46%
abusive
45%
another
45%
aurora
45%
fake
45%
Passing
45%
planet
45%
smile
45%
thanks
45%
contest
44%
emotionally
43%
searched
43%
stop
43%
asking
42%
borealis
42%
quite
42%
flight
41%
wish
41%
afraid
40%
awful
40%
dare
40%
jinx
40%
green
39%
hide
39%
lights
39%
lit
39%
dishonest
38%
flecks
37%
periphery
37%
unbeknownst
37%
unglued
36%
saucers
35%
Blurring
34%

Score Distribution

Percentile by Number Answered

Percent of People with Each Score

Your Score History

You have not taken this quiz